Don Diego Clemencín, ministro de Fernando VII : (Record no. 123025)
[ view plain ]
| 000 -LEADER | |
|---|---|
| campo de control de longitud fija | 01616nam a2200277 i 4500 |
| 001 - NÚMERO DE CONTROL | |
| campo de control | 123025 |
| 003 - IDENTIFICADOR DE NÚMERO DE CONTROL | |
| campo de control | ES-MaACL |
| 005 - FECHA Y HORA DE LA ÚLTIMA TRANSACCIÓN | |
| campo de control | 20251217152311.0 |
| 007 - CAMPO FIJO DE DESCRIPCIÓN FÍSICA--INFORMACIÓN GENERAL | |
| campo de control de longitud fija | t| |
| 008 - DATOS DE LONGITUD FIJA--INFORMACIÓN GENERAL | |
| campo de control de longitud fija | 070214s1929 sp |||| | spa d |
| 080 ## - NÚMERO DE LA CLASIFICACIÓN DECIMAL UNIVERSAL | |
| Número de la Clasificación Decimal Universal | 32 Clemencín, Diego |
| 080 ## - NÚMERO DE LA CLASIFICACIÓN DECIMAL UNIVERSAL | |
| Número de la Clasificación Decimal Universal | 94(460)"1820/23"(093) |
| 100 1# - ENTRADA PRINCIPAL--NOMBRE DE PERSONA | |
| Nombre de persona | Puyol y Alonso, Julio, |
| Fechas asociadas al nombre | 1865-1937 |
| 9 (RLIN) | 94454 |
| 245 10 - MENCIÓN DEL TÍTULO | |
| Título | Don Diego Clemencín, ministro de Fernando VII : |
| Resto del título | (recuerdos del Ministerio del 7 de julio de 1822) / |
| Mención de responsabilidad, etc. | Julio Puyol ; con numerosos documentos inéditos, que pertenecieron a Clemencín, y la reproducción de autógrafos y láminas de la época. |
| 260 ## - PUBLICACIÓN, DISTRIBUCIÓN, ETC. | |
| Lugar de publicación, distribución, etc. | Madrid : |
| Nombre del editor, distribuidor, etc. | [s.n.], |
| Fecha de publicación, distribución, etc. | 1929 ( |
| Fabricante | Tip. de la "Revista de Archivos") |
| 300 ## - DESCRIPCIÓN FÍSICA | |
| Extensión | 218 p., [34] h. de lám. ; |
| Dimensiones | 26 cm. |
| 530 ## - NOTA DISPONIBLE DE FORMULARIO FÍSICO ADICIONAL | |
| Nota de formato físico adicional disponible | Disponible en formato digital. |
| 599 ## - NOTA A LAS ILUSTRACIONES | |
| NOTA A LAS ILUSTRACIONES | Retr. de: Diego Clemencín (de un retr. al óleo por F. de Madrazo); Francisco Martínez de la Rosa (dibujado por G. Fagnani); Nicolás Garelly (de un retr. al óleo por Vicente López); José María Moscoso; Luis María Balanzat; Fernando VII (retr. al óleo por Goya); Guardia real de caballería; El general Riego en 1820; Evaristo San Miguel (de un retr. al óleo por F. de Madrazo) |
| 600 14 - PUNTO DE ACCESO ADICIONAL DE MATERIA--NOMBRE DE PERSONA | |
| Nombre de persona | Clemencín, Diego. |
| 9 (RLIN) | 39172 |
| 651 #7 - PUNTO DE ACCESO ADICIONAL DE MATERIA--NOMBRE GEOGRÁFICO | |
| Nombre geográfico | España- |
| Subdivisión general | Historia- |
| Subdivisión cronológica | 1820-1823, Trienio constitucional |
| 9 (RLIN) | 145382 |
| 852 ## - LOCALIZACIÓN | |
| Ubicación | ES-MaACL |
| Número de control de estantería | B-3894 |
| Ubicación en estantería | Sala Pardo Bazán |
| 856 4# - LOCALIZACIÓN Y ACCESO ELECTRÓNICOS | |
| Identificador Uniforme de Recursos | <a href="http://bdh-rd.bne.es/viewer.vm?id=0000231445&page=1 ">http://bdh-rd.bne.es/viewer.vm?id=0000231445&page=1 </a> |
| Texto de enlace | (Biblioteca Digital Hispánica) |
| 856 4# - LOCALIZACIÓN Y ACCESO ELECTRÓNICOS | |
| Identificador Uniforme de Recursos | <a href="https://bibliotecadigital.jcyl.es/es/consulta/registro.do?id=5662">https://bibliotecadigital.jcyl.es/es/consulta/registro.do?id=5662</a> |
| Texto de enlace | (Biblioteca Digital de Castilla y León) |
| 942 ## - ELEMENTOS DE ENTRADA SECUNDARIOS (KOHA) | |
| Fuente del sistema de clasificación o colocación | Clasificación decimal universal |
| Estatus retirado | Estado de pérdida | Estado de daño | No para préstamo | Colección | Biblioteca de origen | Biblioteca actual | Ubicación en estantería | Fecha de adquisición | Fuente de adquisición | Total de préstamos | Signatura topográfica completa | Código de barras | Visto por última vez | Precio de reemplazo | Tipo de ítem Koha |
|---|---|---|---|---|---|---|---|---|---|---|---|---|---|---|---|
| Colección digital | Biblioteca del Ateneo de Madrid | Biblioteca del Ateneo de Madrid | Sala Pardo Bazán | 17/01/2008 | B-3894 | 1128196 | 23/02/2023 | 23/02/2023 | Libro impreso |
